000 00687nam a2200193Ia 4500
003 GCL
008 140319s9999 xx 000 0 ara d
040 _aGCL /
_cGCL
082 0 4 _a275
_bا د
100 1 _aجليل العطية (تحقيق)
245 1 0 _aالديارات /
_cجليل العطية (تحقيق)
700 1 _aابوالفرج الاصفهانى: على بن الحسين بن محمد بن الهيثم عبدالرحمن بن مروان البغدادى
260 _a[S.N] :
_bرياض الريس للكتب والنشر ،
_c1991
300 _a207 ص
490 _a
650 0 4 _aالاعياد المسيحية
650 0 4 _aالكنائس
942 _2ddc
_cBK
999 _c28189
_d28189